[Event "Kalyan op 2nd"]
[Site "Kalyan"]
[Date "2019.01.31"]
[Round "5"]
[White "Virle, Kimaya"]
[Black "Ramnathan, Balasubramaniam"]
[Result "0-1"]
[WhiteElo "1391"]
[BlackElo "2191"]
[PlyCount "88"]
[EventDate "2019.01.29"]
[EventType "swiss"]
[EventRounds "10"]
[EventCountry "IND"]
[SourceTitle "CBM 188 Extra"]
[Source "ChessBase"]
[SourceDate "2019.02.26"]
[SourceVersion "1"]
[SourceVersionDate "2019.02.26"]
[SourceQuality "1"]

1. d4 Nf6 2. c4 e6 3. Nc3 d5 4. Bg5 Be7 5. e3 b6 6. Nf3 Bb7 7. cxd5 exd5 8. Qa4+ c6 9. Bxf6 Bxf6 10. Rc1 0-0 11. Bd3 Nd7 12. 0-0 Re8 13. Rfd1 a5 14. Qc2 g6 15. Na4 Qe7 16. a3 Qd6 17. Bf1 Be7 18. Ne5 Nxe5 19. dxe5 Qd8 20. f4 Rb8 21. Qf2 b5 22. Nc5 Bxc5 23. Rxc5 Qe7 24. Rc3 f6 25. exf6 Qxf6 26. Qd2 Re7 27. Qd4 Qf7 28. Bd3 Rbe8 29. Bc2 Qg7 30. Qxg7+ Kxg7 31. Kf2 b4 32. axb4 axb4 33. Rb3 c5 34. Rd2 Bc6 35. Bd1 Bb5 36. Be2 Bc4 37. Bd1 Bxb3 38. Bxb3 c4 39. Bd1 Rxe3 40. Rxd5 Rd3 41. Bf3 Rxd5 42. Bxd5 c3 43. bxc3 bxc3 44. Bb3 Rb8 0-1

[Event "Mumbai Wealth op U13 4th"]
[Site "Mumbai"]
[Date "2019.01.02"]
[Round "4"]
[White "Virle, Kimaya"]
[Black "Mayank, Chakraborty"]
[Result "0-1"]
[WhiteElo "1391"]
[BlackElo "1691"]
[PlyCount "82"]
[EventDate "2018.12.30"]
[EventType "swiss"]
[EventRounds "9"]
[EventCountry "IND"]
[SourceTitle "CBM 188 Extra"]
[Source "ChessBase"]
[SourceDate "2019.02.26"]
[SourceVersion "1"]
[SourceVersionDate "2019.02.26"]
[SourceQuality "1"]

1. d4 Nf6 2. c4 e6 3. Nc3 Bb4 4. Qc2 0-0 5. a3 Bxc3+ 6. Qxc3 b5 7. cxb5 c6 8. Bg5 cxb5 9. e3 Bb7 10. Rc1 Nc6 11. Nf3 Rc8 12. Qd2 Qa5 13. Bxf6 gxf6 14. Be2 Qxd2+ 15. Kxd2 a6 16. Rc2 Na5 17. b4 Nb3+ 18. Kd1 Be4 19. Rc5 Nxc5 20. dxc5 d6 21. Nd2 Bb7 22. c6 Bxc6 23. Bf3 Bxf3+ 24. Nxf3 Rc3 25. Kd2 Rfc8 26. Ra1 Rc2+ 27. Ke1 Rc1+ 28. Rxc1 Rxc1+ 29. Kd2 Ra1 30. Nd4 Rxa3 31. e4 Ra1 32. Ke3 a5 33. Nxb5 axb4 34. Kd3 Ra2 35. Kc4 Rxf2 36. Nxd6 Rxg2 37. h4 Rg4 38. Kxb4 f5 39. Kc3 fxe4 40. h5 e3 41. Kd3 Rd4+ 0-1

[Event "Mumbai Wealth op U13 4th"]
[Site "Mumbai"]
[Date "2018.12.31"]
[Round "2"]
[White "Virle, Kimaya"]
[Black "Aditya, Varun Gampa"]
[Result "0-1"]
[WhiteElo "1391"]
[BlackElo "1809"]
[PlyCount "58"]
[EventDate "2018.12.30"]
[EventType "swiss"]
[EventRounds "9"]
[EventCountry "IND"]
[SourceTitle "CBM 188 Extra"]
[Source "ChessBase"]
[SourceDate "2019.02.26"]
[SourceVersion "1"]
[SourceVersionDate "2019.02.26"]
[SourceQuality "1"]

1. d4 Nf6 2. c4 e6 3. Nc3 Bb4 4. Qc2 0-0 5. a3 Bxc3+ 6. Qxc3 Ne4 7. Qf3 f5 8. Qd3 b6 9. Bd2 Bb7 10. h4 c5 11. Bf4 cxd4 12. Qxd4 Nc6 13. Qd3 Qf6 14. Rb1 d5 15. cxd5 Rad8 16. dxc6 Rxd3 17. exd3 Bxc6 18. dxe4 Bxe4 19. Rc1 Qxb2 20. f3 e5 21. fxe4 exf4 22. Rd1 Qc3+ 23. Rd2 Rd8 24. Nf3 fxe4 25. Kd1 Qa1+ 26. Kc2 Rc8+ 27. Kb3 Rc3+ 28. Kb4 Qxa3+ 29. Kb5 Qa5# 0-1